Les prétendants au trône de France (Depuis 1830) - Statistiques

Statistiques générales
  • Ce quiz a été pris 53 fois
  • Le résultat moyen est 12 sur 15
Statistiques - réponses
Maison Prétendant Durée % Correct
Bourbon Louis XIX 1836 - 1844
100%
Bourbon Louis XX 1989 -
100%
Bourbon Charles XI 1887 - 1909
96%
Bourbon Charles XII 1931 - 1936
96%
Bourbon Henri V 1844 - 1883
87%
Orléans Henri VI 1940 - 1999
87%
Bourbon Henri VI 1941 - 1975
87%
Orléans Henri VII 1999 -
87%
Orléans Philippe VII 1883 - 1894
82%
Orléans Philippe VIII 1894 - 1926
82%
Bourbon Jean III 1883 - 1887
80%
Orléans Jean III 1926 - 1940
80%
Bourbon Jacques Ier 1909 - 1931
49%
Bourbon Alphonse Ier 1936 - 1941
40%
Bourbon Alphonse II 1975 - 1989
40%
Aucun quiz correspondant
Distribution des résultats
% des personnes avec chaque résultat
Percentile par nombre de réponses
Votre historique - résultats
Vous n’avez pas pris ce quiz